Quizzes
Events
Quiz Creation
Community
Videos
Private Events
Remove Ads
Sign In
Join for FREE
Feedback
Dark Mode
Quiz Categories
Sports
Geography
Music
Movies
Television
Just For Fun
Miscellaneous
History
Literature
Language
Science
Gaming
Entertainment
Religion
Holiday
For Kids
Quiz Lab
Recent
Popular Today
Quiz Kudos Today
Editor Picks
Curator Picks
Quizzes by...
Day
Popularity
Type
Ratings
Length
Year
Community
Subscriptions
Recent Discussions
Orange Saloon
Badges
Playlists
Quests
Create
Leaderboards
Showdown
Live 5
Trivia Bingo
Activity
Puzzle Library
Sporcle Events
Private Events
Virtual Trivia
Globe League
Become a Host
Pub Owners
SporcleCon
Opinionation
Our Games
Videos
Blog
Mobile Apps
Partnerships
Remove Ads and Go Orange
Feedback
Television
TV Characters
TV Show
Sitcom
Network
Friends
Reality Shows
Cast
South Park
Star Trek
The Simpsons
Doctor Who
Television
TV Characters
TV Show
Sitcom
Network
Friends
Reality Shows
Cast
South Park
Star Trek
The Simpsons
Doctor Who
Random Quiz
Search Sporcle
×
Quiz Lab
Quiz Lab
Television
Lyrics
Type in answers that appear in a list
Type in answers that appear in a list
Classic
Best Score? Go Orange.
Nickelodeon's 'Doug': The Beets Song Lyrics Stats
Can you name the lyrics to the Beet's songs from Nickelodeon's 'Doug'?
By
zeconman2
10m
296 Questions
126 Plays
126 Plays
126 Plays
Comments
Comments
Give Quiz Kudos
Give Quiz Kudos
-
- Ratings
hide this ad
Replay
Link that replays current quiz
Next Quiz
Link to next quiz in quiz playlist
You Got
0%
They Got
Avg Score
65%
Avg Friend Score
Upgrade to see
Score Distribution
Jump to the score distribution portion of the page
Score
0/296
Timer
10:00
0
Plays Today
Hint
Answer
% Correct
Killer Tofu
Ah ee ooh
100%
I Need Mo' Allowance
yodelayee
98.4%
Killer Tofu
Ah ee ooh
98.4%
Killer Tofu
Ee ah ee
98.4%
Killer Tofu
Ooh ee ooh
98.4%
Killer Tofu
Eh ah ee
98.4%
Killer Tofu
Ee ah ee oh oh
98.4%
Killer Tofu
Ee ah ee
98.4%
Killer Tofu
Ee ah ee oh oh
98.4%
Killer Tofu
Ooh ee ooh
98.4%
Killer Tofu
Ee ah ee
98.4%
I Need Mo' Allowance
yodelayeoo
98.4%
I Need Mo' Allowance
yodelayeoo
98.4%
I Need Mo' Allowance
yodelayee
98.4%
I Need Mo' Allowance
yodelayeoo
98.4%
I Need Mo' Allowance
yodelayeoo
98.4%
I Need Mo' Allowance
yodelayee
98.4%
I Need Mo' Allowance
yodelayeoo
98.4%
I Need Mo' Allowance
yodelayeoo
98.4%
I Need Mo' Allowance
yodelayeoo
98.4%
Shout Your Lungs Out
*Verse 1 & 2 Repeat*
98.4%
Killer Tofu
I
90.5%
Killer Tofu
I
90.5%
Killer Tofu
I
90.5%
Killer Tofu
to
90.5%
Killer Tofu
I
90.5%
Killer Tofu
I
90.5%
Killer Tofu
I
90.5%
I Need Mo' Allowance
I
90.5%
I Need Mo' Allowance
I
90.5%
I Need Mo' Allowance
I
90.5%
I Need Mo' Allowance
I
90.5%
I Need Mo' Allowance
I
90.5%
I Need Mo' Allowance
I
90.5%
I Need Mo' Allowance
I
90.5%
I Need Mo' Allowance
to
90.5%
I Need Mo' Allowance
I
90.5%
I Need Mo' Allowance
to
90.5%
I Need Mo' Allowance
I
90.5%
I Need Mo' Allowance
to
90.5%
I Need Mo' Allowance
I
90.5%
I Need Mo' Allowance
I
90.5%
I Need Mo' Allowance
I
90.5%
I Need Mo' Allowance
I
90.5%
I Need Mo' Allowance
I
90.5%
I Need Mo' Allowance
I
90.5%
I Need Mo' Allowance
I
90.5%
I Need Mo' Allowance
I
90.5%
I Need Mo' Allowance
I
90.5%
Shout Your Lungs Out
to
90.5%
Killer Tofu
Killer
89.7%
Killer Tofu
Killer
89.7%
Killer Tofu
Killer
89.7%
Killer Tofu
Killer
89.7%
Killer Tofu
Killer
89.7%
Killer Tofu
Tofu
88.9%
Killer Tofu
Tofu
88.9%
Killer Tofu
Tofu
88.9%
Killer Tofu
Tofu
88.9%
Killer Tofu
Tofu
88.9%
Killer Tofu
a
88.1%
Shout Your Lungs Out
a
88.1%
Shout Your Lungs Out
a
88.1%
Shout Your Lungs Out
a
88.1%
Killer Tofu
you!
84.1%
I Need Mo' Allowance
Yo!
84.1%
I Need Mo' Allowance
you!
84.1%
Shout Your Lungs Out
You
84.1%
Shout Your Lungs Out
You
84.1%
Shout Your Lungs Out
you
84.1%
Shout Your Lungs Out
You
84.1%
Shout Your Lungs Out
You
84.1%
Shout Your Lungs Out
you
84.1%
Shout Your Lungs Out
You
84.1%
Shout Your Lungs Out
You
84.1%
Shout Your Lungs Out
You
84.1%
Shout Your Lungs Out
you
84.1%
Shout Your Lungs Out
You
84.1%
Shout Your Lungs Out
You
84.1%
Shout Your Lungs Out
You
84.1%
Shout Your Lungs Out
you
84.1%
Shout Your Lungs Out
You
84.1%
Shout Your Lungs Out
You
84.1%
Shout Your Lungs Out
you
84.1%
I Need Mo' Allowance
need
82.5%
I Need Mo' Allowance
mo'
82.5%
I Need Mo' Allowance
need
82.5%
I Need Mo' Allowance
mo'
82.5%
I Need Mo' Allowance
need
82.5%
I Need Mo' Allowance
mo'
82.5%
I Need Mo' Allowance
need
82.5%
I Need Mo' Allowance
mo'
82.5%
I Need Mo' Allowance
need
82.5%
I Need Mo' Allowance
mo'
82.5%
I Need Mo' Allowance
need
82.5%
I Need Mo' Allowance
mo'
82.5%
I Need Mo' Allowance
need
82.5%
I Need Mo' Allowance
need
82.5%
I Need Mo' Allowance
mo'
82.5%
Hint
Answer
% Correct
I Need Mo' Allowance
need
82.5%
I Need Mo' Allowance
mo'
82.5%
I Need Mo' Allowance
need
82.5%
I Need Mo' Allowance
mo'
82.5%
I Need Mo' Allowance
need
82.5%
I Need Mo' Allowance
mo'
82.5%
I Need Mo' Allowance
need
82.5%
I Need Mo' Allowance
mo'
82.5%
I Need Mo' Allowance
allowance
81.7%
I Need Mo' Allowance
allowance
81.7%
I Need Mo' Allowance
allowance
81.7%
I Need Mo' Allowance
allowance
81.7%
I Need Mo' Allowance
allowance
81.7%
I Need Mo' Allowance
allowance
81.7%
I Need Mo' Allowance
allowance!
81.7%
I Need Mo' Allowance
allowance
81.7%
I Need Mo' Allowance
allowance
81.7%
I Need Mo' Allowance
allowance
81.7%
I Need Mo' Allowance
allowance!
81.7%
I Need Mo' Allowance
do!
79.4%
I Need Mo' Allowance
do!
79.4%
Killer Tofu
'cuz
76.2%
I Need Mo' Allowance
Because
69.8%
I Need Mo' Allowance
Because
69.8%
Killer Tofu
it
69%
Killer Tofu
it
69%
Killer Tofu
it
69%
Killer Tofu
your
67.5%
Shout Your Lungs Out
your
67.5%
Shout Your Lungs Out
your
67.5%
Shout Your Lungs Out
your
67.5%
Shout Your Lungs Out
your
67.5%
Shout Your Lungs Out
your
67.5%
Shout Your Lungs Out
your
67.5%
Shout Your Lungs Out
your
67.5%
Shout Your Lungs Out
your
67.5%
Shout Your Lungs Out
your
67.5%
Shout Your Lungs Out
your
67.5%
Shout Your Lungs Out
your
67.5%
Killer Tofu
food
65.9%
Killer Tofu
food!
65.9%
I Need Mo' Allowance
Why?
65.9%
I Need Mo' Allowance
Why?
65.9%
I Need Mo' Allowance
some
65.1%
I Need Mo' Allowance
some
65.1%
I Need Mo' Allowance
some...
65.1%
I Need Mo' Allowance
some
65.1%
I Need Mo' Allowance
buy
62.7%
I Need Mo' Allowance
buy
62.7%
I Need Mo' Allowance
CDs
61.1%
Killer Tofu
my
60.3%
Killer Tofu
my
60.3%
Shout Your Lungs Out
sho-u-o-o-out
60.3%
Shout Your Lungs Out
sho-u-o-o-out
60.3%
Shout Your Lungs Out
sho-u-o-u-out
60.3%
Shout Your Lungs Out
lungs
59.5%
Shout Your Lungs Out
lungs
59.5%
Shout Your Lungs Out
lungs
59.5%
Killer Tofu
eat
58.7%
Killer Tofu
eat
58.7%
Killer Tofu
eat
58.7%
I Need Mo' Allowance
I'm
58.7%
I Need Mo' Allowance
the
58.7%
I Need Mo' Allowance
the
58.7%
Shout Your Lungs Out
out!
58.7%
Shout Your Lungs Out
out!
58.7%
Shout Your Lungs Out
the
58.7%
Shout Your Lungs Out
out!
58.7%
I Need Mo' Allowance
talking
57.9%
Killer Tofu
that
55.6%
Killer Tofu
But
55.6%
Killer Tofu
but
55.6%
Killer Tofu
it's
54.8%
Killer Tofu
fuzzy
54%
Killer Tofu
Fast
53.2%
Killer Tofu
cereal
53.2%
I Need Mo' Allowance
gum
53.2%
Killer Tofu
feels
51.6%
Killer Tofu
from
51.6%
Killer Tofu
was
51.6%
Killer Tofu
nerd
51.6%
Killer Tofu
made
50.8%
Shout Your Lungs Out
gotta
50.8%
Shout Your Lungs Out
gotta
50.8%
Shout Your Lungs Out
gotta
50.8%
Shout Your Lungs Out
gotta
50.8%
Shout Your Lungs Out
gotta
50.8%
Shout Your Lungs Out
gotta
50.8%
Shout Your Lungs Out
gotta
50.8%
Shout Your Lungs Out
gotta
50.8%
Shout Your Lungs Out
gotta
50.8%
Shout Your Lungs Out
gotta
50.8%
Shout Your Lungs Out
gotta
50.8%
Shout Your Lungs Out
gotta
50.8%
Shout Your Lungs Out
gotta
50.8%
Shout Your Lungs Out
gotta
50.8%
Shout Your Lungs Out
gotta
50.8%
Shout Your Lungs Out
gotta
50.8%
Shout Your Lungs Out
gotta
50.8%
Hint
Answer
% Correct
Shout Your Lungs Out
gotta
50.8%
Shout Your Lungs Out
gotta
50.8%
Shout Your Lungs Out
gotta
50.8%
Shout Your Lungs Out
gotta
50.8%
Shout Your Lungs Out
gotta
50.8%
Shout Your Lungs Out
gotta
50.8%
Shout Your Lungs Out
gotta
50.8%
Shout Your Lungs Out
gotta
50.8%
Shout Your Lungs Out
gotta
50.8%
Shout Your Lungs Out
gotta
50.8%
Killer Tofu
that's
49.2%
Killer Tofu
scuzzy
49.2%
Killer Tofu
always
49.2%
Killer Tofu
such
49.2%
Killer Tofu
bean
49.2%
I Need Mo' Allowance
mow
49.2%
Shout Your Lungs Out
scream
49.2%
Shout Your Lungs Out
scream
49.2%
I Need Mo' Allowance
grass,
48.4%
I Need Mo' Allowance
think
48.4%
Killer Tofu
thought
47.6%
Killer Tofu
refuse
47.6%
Killer Tofu
sugar
47.6%
Killer Tofu
makes
47.6%
Killer Tofu
teeth
47.6%
I Need Mo' Allowance
house,
47.6%
I Need Mo' Allowance
clean
46.8%
I Need Mo' Allowance
deserve
46.8%
Killer Tofu
stuff
46%
Killer Tofu
touch
46%
Shout Your Lungs Out
roll
46%
Shout Your Lungs Out
roll
46%
Shout Your Lungs Out
roll
46%
Shout Your Lungs Out
roll
46%
Shout Your Lungs Out
roll
46%
Killer Tofu
strange
45.2%
Killer Tofu
curd
45.2%
Killer Tofu
wouldn't
45.2%
Killer Tofu
fried
45.2%
Shout Your Lungs Out
down
45.2%
Shout Your Lungs Out
down
45.2%
Killer Tofu
bacterial!
44.4%
Shout Your Lungs Out
windows
44.4%
Shout Your Lungs Out
windows
44.4%
Killer Tofu
wooh!
43.7%
Shout Your Lungs Out
rock
43.7%
Shout Your Lungs Out
rock
43.7%
Shout Your Lungs Out
rock
43.7%
Killer Tofu
kind
42.1%
Killer Tofu
of
42.1%
Shout Your Lungs Out
socks
42.1%
Shout Your Lungs Out
socks
42.1%
Shout Your Lungs Out
socks
42.1%
Killer Tofu
ate
41.3%
Killer Tofu
don't
41.3%
Killer Tofu
t-t-t-t-t-too
41.3%
Killer Tofu
much
41.3%
Shout Your Lungs Out
holler
38.9%
Killer Tofu
you're
38.1%
Killer Tofu
by
38.1%
Shout Your Lungs Out
whistle
38.1%
Shout Your Lungs Out
whistle
38.1%
Shout Your Lungs Out
control!
37.3%
Shout Your Lungs Out
control
37.3%
Shout Your Lungs Out
control
37.3%
Killer Tofu
buddy
36.5%
Shout Your Lungs Out
lose
36.5%
Shout Your Lungs Out
lose
36.5%
Shout Your Lungs Out
lose
36.5%
Killer Tofu
If
35.7%
Killer Tofu
cruddy
35.7%
Killer Tofu
Yah!
35.7%
Killer Tofu
just
34.9%
Killer Tofu
stick
34.9%
Shout Your Lungs Out
clap
34.9%
Shout Your Lungs Out
soul
34.9%
Shout Your Lungs Out
soul
34.9%
Shout Your Lungs Out
soul
34.9%
Killer Tofu
feelin'
34.1%
Killer Tofu
right
33.3%
Shout Your Lungs Out
rumble
33.3%
Shout Your Lungs Out
stomp
33.3%
Shout Your Lungs Out
rumble
33.3%
Shout Your Lungs Out
stomp
33.3%
Shout Your Lungs Out
yell
32.5%
Shout Your Lungs Out
vocal
31.7%
Shout Your Lungs Out
chord
31.7%
Shout Your Lungs Out
vocal
31.7%
Shout Your Lungs Out
chord
31.7%
Shout Your Lungs Out
vocal
31.7%
Shout Your Lungs Out
chord
31.7%
Shout Your Lungs Out
bust
30.2%
Shout Your Lungs Out
bust
30.2%
Shout Your Lungs Out
bust
30.2%
Shout Your Lungs Out
shake
27.8%
Shout Your Lungs Out
'em
27.8%
Shout Your Lungs Out
ground
27%
Shout Your Lungs Out
wail
26.2%
Quiz Playlist
Details
Report
Send in Message
Add To Playlist
Classic:
Type in answers that appear in a list
Quiz Source
Last Updated: Feb 16, 2017
Quiz Scoreboard
CHALLENGE
Sign Up to Join the Scoreboard
Show All
Scores
Hide
Comments
May contain spoilers
Recently Published
An Introduction to Baseball
by treessimontrees
Sports
5m
Movies - When Are They Set?
by FPL_Elf
Movies
5m
Popular People in 1961
by mucciniale
History
6m
More to Explore
Quiz From the Vault
Featured Blog Post
Where Did the Easter Bunny Come From?
hide this ad
You Might Also Like...
Tags
Cartoons Quiz
Lyrics Quiz
90 Cartoons
Cartoon Song
Classic Cartoons
doug
fictional
Figure Out the Lyrics
Missing Lyrics
Nickelodeon
Today's Top Quizzes in Television
Browse Television
hide this ad
Today's Top Quizzes in Lyrics
Browse Lyrics
Top Contributed Quizzes in Television
1
One Piece Logic Puzzle
2
Survivor Logic Puzzle: Heroes vs. Villains
3
Survivor Seasons
4
Survivor Season by Logo
5
5-to-1: The Simpsons Families
6
Survivor Trivia
7
One Thing in Common: Television
8
Who Wants to Be a Millionaire?
9
Survivor Logic Puzzle: Winners at War
10
Ultimate Survivor Logic Puzzle
Explore More
Trending Topics
Harry Potter
Kpop
Marvel
Crossword
NBA
Anime
Disney
Puzzle
Country
NFL
WWE
The Office
Soccer
Pokémon
Song
hide this ad
More By:
zeconman2
Quiz
Plays
Rating
Category
Featured
Created
US Rivers: Map Click
2,346
4.75
Geography
Feb 19, 2016
'Royal' Bands / Singers
1,533
4.17
Music
Feb 17, 2016
'Rose Tints My World' Lyrics
924
4.75
Music
Nov 11, 2015
Simpsons Softball Team Image
707
4.88
Television
Oct 26, 2015
Moby Dick: 1st Paragraph
467
4.71
Literature
Sep 18, 2013
Go to Creator's Profile
Score Distribution
Quiz Creator Spotlight
zeconman2
Follow
Send a Message
Quizzes Created
-
Created Quiz Play Count
-
More By This Creator
Popular Quizzes Today
1
Find the Countries of Europe - No Outlines Minefield
2
Find the US States - No Outlines Minefield
3
The Countries of the World
4
Popular People in 1961
5
US States
6
1-10 Letter E Words III
7
Find the US States
8
One Thing in Common: World Cities II
More Television Quizzes
Famous TV Christmas Episodes
Published
Trending Quizzes
Risky Map Clicking: Least Populous States A-Z
1-10 Letter F Words
1-10 Letter G Words
One Thing in Common: United Kingdom
Risky Map Clicking: Next State Alphabetically
Recently Updated
Leaping Animals
pecheneg
Reality TV Shows (A-Z)
bhenderson79
Rickey Henderson's Hall of Fame Teammates
pecheneg
Champions League XIs: Arsenal
pecheneg
Quick Pick: Celebrities in WWE's Hall of Fame
aduchscher
A-Z Keypad Blitz II
pecheneg
Multiple Oscar Actors
pecheneg
Mystery Phrase Blitz: Oscar 'Best Actors'
pecheneg
F. Scott Fitzgerald Novels
LTH
Pick 3 Villains
ddd62291
Trending Topics
Marvel
Harry Potter
Disney
Crossword
Kpop
Anime
NBA
Country
Pokémon
Song
WWE
NFL
Soccer
Puzzle
The Office
Your Account Isn't Verified!
In order to create a playlist on Sporcle, you need to verify the email address you used during registration. Go to your
Sporcle Settings
to finish the process.
Report this User
Report this user for behavior that violates our
Community Guidelines
.
Details:
Send Report
Go to the Sporcle.com Mobile Site →
Comments